000 00704nam a2200181Ia 4500
008 090124s9999 xx 000 0 und d
082 _b112269
100 _aश्रोत्रिय वि. कृ. (विश्वनाथ कृष्णा)
245 _a विलक्षण गोष्टी
250 _a1
260 _c1968
300 _a92
600 _aश्रोत्रिय वि. कृ. (विश्वनाथ कृष्णा)
630 _a विलक्षण गोष्टी
700 _aश्रोत्रिय वि. कृ. (विश्वनाथ कृष्णा)
730 _a विलक्षण गोष्टी
942 _cBOOK
999 _c158360
_d158360